Composition of Powders Produced by Electrospark Dispersion of Metal Granules in Water; IOP Conference Series: Materials Science and Engineering; Vol. 110 : Radiation-Thermal Effects and Processes in Inorganic Materials (RTEP2015)
| Источник: | IOP Conference Series: Materials Science and Engineering Vol. 110 : Radiation-Thermal Effects and Processes in Inorganic Materials (RTEP2015).— 2016.— [012082, 6 p.] |
|---|---|
| Автор-организация: | |
| Другие авторы: | , , , , |
| Примечания: | Title screen The results of experimental studies of metal powders composition produced by electrospark dispersion according to the scheme "metal electrodes - metal granule loading - distilled water" are given in the paper. With a help of X-ray diffraction analysis and other methods, it was found that chemical and phase composition of dispersion products is determined by affinity of metal to oxygen. Режим доступа: по договору с организацией-держателем ресурса |
| Язык: | английский |
| Опубликовано: |
2016
|
| Предметы: | |
| Online-ссылка: | http://dx.doi.org/10.1088/1757-899X/110/1/012082 http://earchive.tpu.ru/handle/11683/18092 |
| Формат: | Электронный ресурс Статья |
| Запись в KOHA: | https://koha.lib.tpu.ru/cgi-bin/koha/opac-detail.pl?biblionumber=647052 |
MARC
| LEADER | 00000nla2a2200000 4500 | ||
|---|---|---|---|
| 001 | 647052 | ||
| 005 | 20240205111915.0 | ||
| 035 | |a (RuTPU)RU\TPU\network\12189 | ||
| 035 | |a RU\TPU\network\12188 | ||
| 090 | |a 647052 | ||
| 100 | |a 20160324a2016 k y0engy50 ba | ||
| 101 | 0 | |a eng | |
| 105 | |a y z 100zy | ||
| 135 | |a drgn ---uucaa | ||
| 181 | 0 | |a i | |
| 182 | 0 | |a b | |
| 200 | 1 | |a Composition of Powders Produced by Electrospark Dispersion of Metal Granules in Water |f S. P. Zhuravkov, G. L. Lobanova, A. V. Pustovalov [et al.] | |
| 203 | |a Text |c electronic | ||
| 300 | |a Title screen | ||
| 320 | |a [References: 8 tit.] | ||
| 330 | |a The results of experimental studies of metal powders composition produced by electrospark dispersion according to the scheme "metal electrodes - metal granule loading - distilled water" are given in the paper. With a help of X-ray diffraction analysis and other methods, it was found that chemical and phase composition of dispersion products is determined by affinity of metal to oxygen. | ||
| 333 | |a Режим доступа: по договору с организацией-держателем ресурса | ||
| 461 | 0 | |0 (RuTPU)RU\TPU\network\2008 |t IOP Conference Series: Materials Science and Engineering | |
| 463 | 0 | |0 (RuTPU)RU\TPU\network\11965 |t Vol. 110 : Radiation-Thermal Effects and Processes in Inorganic Materials (RTEP2015) |o International Scientific Conference, 31 August to 10 September 2015, Tomsk, Russia |o [proceedings] |v [012082, 6 p.] |d 2016 | |
| 610 | 1 | |a электронный ресурс | |
| 610 | 1 | |a труды учёных ТПУ | |
| 610 | 1 | |a порошки | |
| 610 | 1 | |a дисперсия | |
| 610 | 1 | |a металлические порошки | |
| 610 | 1 | |a композиционные материалы | |
| 610 | 1 | |a дистиллированная вода | |
| 610 | 1 | |a кислород | |
| 610 | 1 | |a металлы | |
| 701 | 1 | |a Zhuravkov |b S. P. |c chemist |c Leading Researcher, Associate Professor of Tomsk Polytechnic University, Candidate of Chemical Sciences |f 1961- |g Sergey Petrovich |3 (RuTPU)RU\TPU\pers\31297 |9 15475 | |
| 701 | 1 | |a Lobanova |b G. L. |c chemist |c Lead counselor of Tomsk Polytechnic University, Candidate of chemical sciences |f 1942- |g Galina Leonidovna |3 (RuTPU)RU\TPU\pers\32971 | |
| 701 | 1 | |a Pustovalov |b A. V. |c specialist in the field of electrical engineering |c Associate Scientist of Tomsk Polytechnic University |f 1986- |g Aleksey Vitalievich |3 (RuTPU)RU\TPU\pers\33698 |9 17329 | |
| 701 | 1 | |a Slyadnikov |b P. E. | |
| 701 | 1 | |a Nadeina |b L. V. |c linguist |c Associate Professor of Tomsk Polytechnic University, Candidate of philological sciences |f 1965- |g Louise Vasilievna |3 (RuTPU)RU\TPU\pers\30807 |9 15063 | |
| 712 | 0 | 2 | |a Национальный исследовательский Томский политехнический университет (ТПУ) |b Институт физики высоких технологий (ИФВТ) |b Лаборатория № 12 |3 (RuTPU)RU\TPU\col\19054 |
| 801 | 2 | |a RU |b 63413507 |c 20230201 |g RCR | |
| 856 | 4 | |u http://dx.doi.org/10.1088/1757-899X/110/1/012082 | |
| 856 | 4 | 0 | |u http://earchive.tpu.ru/handle/11683/18092 |
| 942 | |c CF | ||